魚の漢字由来当てクイズ - Statistics

General Stats
  • This quiz has been taken 82 times
  • The average score is 10 of 18
Answer Stats
Hint Answer % Correct
魚体が青いことから
99%
加工品の堅さから
88%
秋が旬で刀みたいに鋭く細い体であることから 秋刀魚
87%
いつも他の魚に食べられている弱い魚という意味から
87%
平べったい魚体から
80%
海に生息する豚に似た生き物ということから(中国語由来) 海豚
78%
硬くて丈夫な皮に覆われていて、皮を剥がないと調理に取り掛かれないことから
65%
晩秋から初春の産卵期に多く獲れることから
54%
日本周辺の海のどこでも獲れることと、1年中周年で獲れるという意味から
49%
夜になると海底を動き回るネズミに似た生き物であることから 海鼠
48%
海を囲むように大きく回遊することから
45%
よく獲れる晩秋~初冬に発生する雷が鳴る様子を表した古代の擬音から
45%
肢が多く、海に棲むクモという意味から
42%
江戸時代に将軍様へ年貢として献上された「公儀御用魚」であったことから 公魚
33%
幼魚の体色が美しい青緑色をしており、群れで泳ぐと花のように見えることから 𩸽
32%
旬が三月であることから
28%
細長く伸びた”つる”に似ていることから
26%
ウロコが発達して筋目がはっきり見えることから
4%
No matching quizzes found
Score Distribution
Percent of People with Each Score
Percentile by Number Answered
Your Score History
You have not taken this quiz